Flags With Green On Them - Statistics

General Stats
  • This quiz has been taken 44 times
  • The average score is 67 of 89
Answer Stats
Picture Answer % Correct
Italy
100%
Ireland
97%
Bangladesh
92%
Brazil
92%
India
92%
Ivory Coast
92%
Jamaica
92%
Mexico
92%
Saudi Arabia
92%
South Africa
92%
Algeria
89%
Kenya
89%
Lebanon
89%
Libya
89%
Pakistan
89%
Cameroon
86%
Hungary
86%
Kuwait
86%
Niger
86%
San Marino
86%
Tajikistan
86%
Bulgaria
83%
Iran
83%
Iraq
83%
Oman
83%
United Arab Emirates
83%
Uzbekistan
83%
Senegal
81%
Syria
81%
Turkmenistan
81%
Zimbabwe
81%
Gabon
78%
Ghana
78%
Jordan
78%
Madagascar
78%
Mauritania
78%
Morocco
78%
South Sudan
78%
Sudan
78%
Afghanistan
75%
Azerbaijan
75%
Belarus
75%
Burkina Faso
75%
Ethiopia
75%
Namibia
75%
Nigeria
75%
Tanzania
75%
Central African Republic
72%
Nicaragua
72%
Republic of the Congo
72%
Togo
72%
Belize
69%
Benin
69%
Burundi
69%
Comoros
69%
Eritrea
69%
Maldives
69%
Mozambique
69%
Myanmar
69%
Portugal
69%
Rwanda
69%
St. Kitts & Nevis
69%
Zambia
69%
Guinea
67%
Malawi
67%
Mali
67%
Sri Lanka
67%
Ecuador
64%
Equatorial Guinea
64%
Gambia
64%
Guyana
64%
Mauritius
64%
Sao Tome & Principe
64%
Seychelles
64%
Sierra Leone
64%
St. Vincent & the Grenadines
64%
Vanuatu
64%
Djibouti
61%
Dominica
61%
Fiji
61%
Guatemala
61%
Guinea-Bissau
61%
Lithuania
61%
Bolivia
58%
Lesotho
58%
Suriname
58%
Grenada
56%
Montenegro
53%
Solomon Islands
53%
No matching quizzes found
Score Distribution
Percent of People with Each Score
Percentile by Number Answered
Your Score History
You have not taken this quiz